LEADER 01262nam0-22003971i-450- 001 990003753540403321 005 20120322180838.0 035 $a000375354 035 $aFED01000375354 035 $a(Aleph)000375354FED01 035 $a000375354 100 $a20120322d1977----km-y0itay50------ba 101 1 $aita$ceng 102 $aIT 105 $ay-------001yy 200 1 $aPotere, diritto e rituale nelle società tribali$fMax Gluckman$gtraduzione a cura di Franca Pregnolato Rotta-Loria 210 $aTorino$cBoringhieri$dc1977 215 $ax, 398 p.$d20 cm 225 1 $a<>cultura scientifica 300 $aContiene glossario, bibliografia e indice analitico 454 0$12001$aPolitics, law and ritual in tribal society$925366 610 0 $aDiritto$aStudi antropologici 610 0 $aPopoli senza scrittura$aDiritto 676 $a340.52 676 $a301$v20$zit 700 1$aGluckman,$bMax$f<1911-1975>$0127376 801 0$aIT$bUNINA$gRICA$2UNIMARC 901 $aBK 912 $a990003753540403321 952 $a340.52 GLU 1$b1108$fBFS 952 $a340.52 GRU 1$b125354$fBFS 952 $aII A 7$b607 idr$fDDR 959 $aBFS 959 $aDDR 996 $aPolitics, Law and Ritual in Tribal Society$925366 997 $aUNINA LEADER 01561nam0-2200373 --450 001 9910634496003321 005 20230110104217.0 035 $a(DLC) 85198941 035 $a(OCoLC)12038211 100 $a20230110d1984----kmuy0itay5050----ba 101 0 $ager 102 $aAT 200 1 $aJosef Hoffmann$ei 50 anni del Padiglione austriaco, Biennale di Venezia = 50 Jahre o?sterreichischer Pavillon, Biennale Venedig = the 50th anniversary of the Austrian pavilion, Biennale of Venice /$f[Herausgeber, Bundesministerium fu?r Unterricht und Kunst ; fu?r den Inhalt verantwortlich, Hans Hollein] 210 $aAustria$cBundesministerium fu?r Unterricht und Kunst$d1984 215 $a119 p.$cill. ;$d28 cm 320 $aInclude riferimenti bibliografici 517 0 $a50 anni del Padiglione austriaco 517 0 $a50 Jahre o?sterreichischer Pavillion 517 0 $a50th anniversary of the Austrian pavilion 517 0 $aCinquanta anni del Padiglione austriaco 610 0 $aPadiglione austriaco (Biennale di Venezia) 610 0 $aEdifici$aItalia$aVenezia 610 0 $aArchitettura$aAustria 701 1$aHoffmann,$bJosef Franz Maria$f1870-1956$023843 701 1$aHollein,$bHans$f1934-2014$037347 712 02$aAustria$bMinistero federale dell'istruzione e dell'arte 712 02$aUniversità di Arti Applicate (Vienna, Austria) 801 0$aIT$bUNINA$gRICA$2UNIMARC 901 $aBK 912 $a9910634496003321 952 $aFONDO ROSSI 2531$bROSSI 2614$fFARBC 959 $aFARBC 996 $aJosef Hoffmann$92997803 997 $aUNINA